PIPE FITTERS HANDBOOK (Record no. 739347)

MARC details
000 -LEADER
fixed length control field 00242nam a2200097Ia 4500
008 - FIXED-LENGTH DATA ELEMENTS--GENERAL INFORMATION
fixed length control field 230508s1967 xx 000 0 und d
041 ## - LANGUAGE CODE
Language code of text/sound track or separate title eng
100 ## - MAIN ENTRY--PERSONAL NAME
Personal name FORREST R. LINDSEY
245 ## - TITLE STATEMENT
Title PIPE FITTERS HANDBOOK
260 ## - PUBLICATION, DISTRIBUTION, ETC.
Name of publisher, distributor, etc. INDUSTRIAL PRESS
Date of publication, distribution, etc. 1967

No items available.